<?xml version="1.0" encoding="UTF-8"?>
<record
    xmlns:xsi="http://www.w3.org/2001/XMLSchema-instance"
    xsi:schemaLocation="http://www.loc.gov/MARC21/slim http://www.loc.gov/standards/marcxml/schema/MARC21slim.xsd"
    xmlns="http://www.loc.gov/MARC21/slim">

  <leader>00812cas a22002057a 4500</leader>
  <datafield tag="999" ind1=" " ind2=" ">
    <subfield code="c">6995</subfield>
    <subfield code="d">6995</subfield>
  </datafield>
  <controlfield tag="003">OSt</controlfield>
  <controlfield tag="005">20231121114412.0</controlfield>
  <controlfield tag="008">170131c1995    xxcz||wso|||||0|| 00eng|d</controlfield>
  <datafield tag="040" ind1=" " ind2=" ">
    <subfield code="b">cat</subfield>
    <subfield code="c">CDMR</subfield>
  </datafield>
  <datafield tag="245" ind1="1" ind2="0">
    <subfield code="a">Who Makes the News? </subfield>
    <subfield code="b">: Global Media Monitoring Project (GMMP) [recurs electr&#xF2;nic] /  </subfield>
    <subfield code="c">World Association for Christian Communication (WACC) </subfield>
  </datafield>
  <datafield tag="260" ind1=" " ind2=" ">
    <subfield code="a">[Toronto] :</subfield>
    <subfield code="b">World Association for Christian Communication (WACC),</subfield>
    <subfield code="c">1995 -</subfield>
  </datafield>
  <datafield tag="310" ind1=" " ind2=" ">
    <subfield code="a">Quinquenal</subfield>
  </datafield>
  <datafield tag="362" ind1=" " ind2=" ">
    <subfield code="a">1995-</subfield>
  </datafield>
  <datafield tag="650" ind1=" " ind2="7">
    <subfield code="a">Dones en els mitjans de comunicaci&#xF3; de massa</subfield>
    <subfield code="x">Estad&#xED;stiques</subfield>
    <subfield code="2">lemac</subfield>
  </datafield>
  <datafield tag="650" ind1=" " ind2="7">
    <subfield code="a">Dones</subfield>
    <subfield code="x">Cobertura period&#xED;stica</subfield>
    <subfield code="2">lemac</subfield>
  </datafield>
  <datafield tag="700" ind1="1" ind2=" ">
    <subfield code="a">Macharia, Sarah</subfield>
  </datafield>
  <datafield tag="710" ind1="2" ind2=" ">
    <subfield code="a">World Association for Christian Communication</subfield>
  </datafield>
  <datafield tag="856" ind1=" " ind2=" ">
    <subfield code="u">https://whomakesthenews.org/gmmp-reports/</subfield>
    <subfield code="z">Acc&#xE9;s en l&#xED;nia</subfield>
  </datafield>
  <datafield tag="942" ind1=" " ind2=" ">
    <subfield code="c">SER-E</subfield>
    <subfield code="2">udc</subfield>
  </datafield>
  <datafield tag="952" ind1=" " ind2=" ">
    <subfield code="0">0</subfield>
    <subfield code="1">0</subfield>
    <subfield code="4">0</subfield>
    <subfield code="7">0</subfield>
    <subfield code="a">CDMR</subfield>
    <subfield code="b">CDMR</subfield>
    <subfield code="d">2017-01-31</subfield>
    <subfield code="l">0</subfield>
    <subfield code="o">Disponible en l&#xED;nia</subfield>
    <subfield code="r">2017-01-31</subfield>
    <subfield code="w">2017-01-31</subfield>
    <subfield code="y">SER-E</subfield>
  </datafield>
</record>
